Cooperatives and Poverty Alleviation (Record no. 2838)

MARC details
005 - DATE AND TIME OF LATEST TRANSACTION
control field 20250529121223.0
020 ## - INTERNATIONAL STANDARD BOOK NUMBER
International Standard Book Number 9987 25 022 7
082 ## - DEWEY DECIMAL CLASSIFICATION NUMBER
Classification number 334.096 BAN
100 ## - MAIN ENTRY--PERSONAL NAME
Author name BANTURAKI, J. A.
245 ## - TITLE STATEMENT
Title Cooperatives and Poverty Alleviation
260 ## - PUBLICATION, DISTRIBUTION, ETC.
Place of publication, distribution, etc. Dar-Es-Salaam,
Name of publisher, distributor, etc. Tema Publishers Company Ltd,
Date of publication, distribution, etc. 2000.
300 ## - PHYSICAL DESCRIPTION
Extent xxiii, 158p.: ill.; map, picture, table.
Dimensions 22cm.
942 ## - ADDED ENTRY ELEMENTS (KOHA)
Source of classification or shelving scheme Dewey Decimal Classification
Koha item type Books
Holdings
Date last seen Total checkouts Full call number Barcode Cost, replacement price Price effective from Koha item type Lost status Source of classification or shelving scheme Damaged status Not for loan Withdrawn status Home library Current library Shelving location Date acquired Cost, normal purchase price
06/28/2025   334.096 BAN DOM0002554 30000.00 06/28/2025 Books   Dewey Decimal Classification       CBE Dodoma CBE Dodoma General Collection 06/28/2002 10000.00
06/29/2025   334.096 BAN DOM0004240 30000.00 06/29/2025 Books   Dewey Decimal Classification       CBE Dodoma CBE Dodoma General Collection 06/28/2002 10000.00
05/29/2025   334.096 BAN 00000010445 30000.00 05/29/2025 Books   Dewey Decimal Classification       College of Business Education Main Library College of Business Education Main Library Special Reserve Collection 06/05/2002 10000.00